00801nam a2200229 a 450000100060000000300080000600500170001400800390003103500190007004000320008904100080012108200320012910000200016124500790018126000410026030000250030150000830032650400320040965000490044165000420049065000390053235684BD-RjUL20211209052349.0140529s1982 bg b 001 0 eng a(BD-RjUL)35779 aDLCcDLCdDLCdBD-RjULbeng aeng00a331.110954923219bBAU 19820 aBarkat-e-Khuda.14aThe use of time and underemployment in rural Bangladesh /cBarkak-e-Khuda. aDacca :bUniversity of Dacca,c1982. axv, 205 p. ;c25 cm. aRevision of the author's thesis (Ph. D.--Australian National University, 1978) aBibliography: p. [188]-205. 0aManpower policy, RuralzBangladeshzBarkait. 0aUnderemploymentzBangladeshzBarkait. 0aLabor supplyzBangladeshzBarkait.